The corporate warrious

Bibliographic Details
Main Author: Ramsey, Dougles K.
Format: Book
Published: Boston : Houghton Mifflin Co , 1987
Subjects:

MARC

LEADER 00000cam a2200000 7i4500
001 0000004475
005 20021128.0
040 |a INS 
090 0 0 |a HD41.   |b R27 1987 
100 1 |a Ramsey, Dougles K. 
245 1 4 |a The corporate warrious   |c Douglas K. Ramsey 
260 |a Boston :   |b Houghton Mifflin Co ,   |c 1987 
300 |a 261p. ;   |c 23 cm. 
650 0 0 |a Competition   |z United States   |x Case studies 
650 0 0 |a Strategic planning   |x Case studies 
999 |a 0000003043   |b BOOK   |c Open Shelf   |e Default branch